00434 a2200145 4500003000400000005001700004008004100021020001800062040000900080082001500089100001900104245011700123260003800240300001000278OSt20231122151055.0231122b |||||||| |||| 00| 0 eng d a9789357013367 coclc a540bGUP/N aGupta, Preeti  aNTA CSIR UGC NET/SET (JRF & Lecturership) Chemical Sciences /cPreeti Gupta, Dr. Aditya Tomar, Dr. Naveen Sharma aNew Delhi:bArihant Publications, a1364p